Valuation of trees for amenity and related non-timber uses (Record no. 110919)

MARC details
000 -LEADER
fixed length control field 01244cad a22002535a 4500
001 - CONTROL NUMBER
control field E150596
008 - FIXED-LENGTH DATA ELEMENTS--GENERAL INFORMATION
fixed length control field 100803s2010 xxk f 000 0 eng d
020 ## - INTERNATIONAL STANDARD BOOK NUMBER
International Standard Book Number 9781842195864
035 ## - SYSTEM CONTROL NUMBER
System control number (Sirsi) u150596
041 0# - LANGUAGE CODE
Language code of text/sound track or separate title eng
050 04 - LIBRARY OF CONGRESS CALL NUMBER
Classification number 333.332 $2 18
110 2# - MAIN ENTRY--CORPORATE NAME
Corporate name or jurisdiction name as entry element Royal Institution of Chartered Surveyors
9 (RLIN) 4900
245 00 - TITLE STATEMENT
Title Valuation of trees for amenity and related non-timber uses
Medium [electronic resource]
260 ## - PUBLICATION, DISTRIBUTION, ETC.
Place of publication, distribution, etc. Coventry
Name of publisher, distributor, etc. RICS
Date of publication, distribution, etc. 2010
300 ## - PHYSICAL DESCRIPTION
Extent iv, 12p.
Dimensions 30cm.
490 #0 - SERIES STATEMENT
Series statement RICS Guidance Note
505 2# - FORMATTED CONTENTS NOTE
Formatted contents note Scope -- Introduction -- Nackground and preliminaries -- Valuation basis -- Establishing the facts -- Valuation methods -- Arriving at a view -- Reporting the valuation -- Conclusion
520 ## - SUMMARY, ETC.
Summary, etc. Designed to assist the valuer in dealing with some of the more complex issues which might arise when dealing with the presence of significant trees (or groups of trees) either as part of a property or as separate entities.
590 ## - LOCAL NOTE (RLIN)
Local note KA
651 #4 - SUBJECT ADDED ENTRY--GEOGRAPHIC NAME
Geographic name United Kingdom
Chronological subdivision
690 ## - LOCAL SUBJECT ADDED ENTRY--TOPICAL TERM (OCLC, RLIN)
Topical term or geographic name as entry element PROPERTY-PROPERTY APPRAISAL AND VALUATION
856 41 - ELECTRONIC LOCATION AND ACCESS
Uniform Resource Identifier <a href="https://www.rics.org/Global/Downloads/Valuation_of_trees_1st_edition_PGguidance_2010_.pdf">https://www.rics.org/Global/Downloads/Valuation_of_trees_1st_edition_PGguidance_2010_.pdf</a>
Public note View the guidance free of charge (members only) at www.rics.org
942 ## - ADDED ENTRY ELEMENTS (KOHA)
Suppress in OPAC 0
Holdings
Withdrawn status Lost status Source of classification or shelving scheme Damaged status Not for loan Home library Current library Shelving location Date acquired Total Checkouts Full call number Barcode Date last seen Copy number Price effective from Koha item type
    Dewey Decimal Classification     London London RICS Boxes 14/06/2011   RICS 2010/34 ROY 30076955 06/08/2019 1 06/08/2019 Archive
    Dewey Decimal Classification     London London RICS Boxes 14/06/2011   RICS 2010/34 ROY 30076957 06/08/2019 2 06/08/2019 Book
    Dewey Decimal Classification     London London RICS Boxes 14/06/2011   RICS 2010/34 ROY 30076958 06/08/2019 3 06/08/2019 Book
    Dewey Decimal Classification     Virtual Virtual Online 14/06/2011   ONLINE PUBLICATION 150596-3001 06/08/2019 1 06/08/2019 Book